Historia social del arte moderno / (Record no. 12073)

MARC details
000 -LEADER
campo de control de longitud fija 00883nam a2200265 i 4500
001 - NÚMERO DE CONTROL
campo de control 12073
003 - IDENTIFICADOR DE NÚMERO DE CONTROL
campo de control ES-MaACL
005 - FECHA Y HORA DE LA ÚLTIMA TRANSACCIÓN
campo de control 20250808040849.0
007 - CAMPO FIJO DE DESCRIPCIÓN FÍSICA--INFORMACIÓN GENERAL
campo de control de longitud fija t|
008 - DATOS DE LONGITUD FIJA--INFORMACIÓN GENERAL
campo de control de longitud fija 970404m19941996sp a |||| | spa d
020 ## - NÚMERO INTERNACIONAL ESTÁNDAR DEL LIBRO
Número Internacional Estándar del Libro 84-206-7994-1
080 ## - NÚMERO DE LA CLASIFICACIÓN DECIMAL UNIVERSAL
Número de la Clasificación Decimal Universal 7.01
080 ## - NÚMERO DE LA CLASIFICACIÓN DECIMAL UNIVERSAL
Número de la Clasificación Decimal Universal 7.034.8
100 1# - ENTRADA PRINCIPAL--NOMBRE DE PERSONA
Nombre de persona Boime, Albert.
9 (RLIN) 29850
245 10 - MENCIÓN DEL TÍTULO
Título Historia social del arte moderno /
Mención de responsabilidad, etc. Albert Boime ; versión española de Ester Gómez.
260 ## - PUBLICACIÓN, DISTRIBUCIÓN, ETC.
Lugar de publicación, distribución, etc. Madrid :
Nombre del editor, distribuidor, etc. Alianza Editorial,
Fecha de publicación, distribución, etc. 1994-1996.
300 ## - DESCRIPCIÓN FÍSICA
Extensión 2 v. :
Otras características físicas il. ;
Dimensiones 23 cm.
490 1# - MENCIÓN DE SERIE
Mención de serie Alianza forma ;
Designación de volumen o secuencia 128, 138
505 8# - NOTA DE CONTENIDO CON FORMATO
Nota de contenido con formato Contiene: 1. El arte en la época de la Revolución, 1750-1800 - 2. El arte en la época del bonapartismo, 1800-1815
650 14 - PUNTO DE ACCESO ADICIONAL DE MATERIA--TÉRMINO DE MATERIA
Término de materia o nombre geográfico como elemento de entrada Arte y sociedad-
Subdivisión cronológica S.XVIII.
9 (RLIN) 160055
700 1# - ENTRADA AGREGADA--NOMBRE PERSONAL
Nombre de persona Gómez, Ester.
9 (RLIN) 57758
830 10 - PUNTO DE ACCESO ADICIONAL DE SERIE-TÍTULO UNIFORME
Título uniforme Alianza forma
Designación de volumen o secuencia 128, 138
9 (RLIN) 177869
852 ## - LOCALIZACIÓN
Ubicación ES-MaACL
Número de control de estantería P-316
Holdings
Estatus retirado Estado de pérdida Estado de daño No para préstamo Biblioteca de origen Biblioteca actual Ubicación en estantería Fecha de adquisición Fuente de adquisición Total de préstamos Signatura topográfica completa Código de barras Visto por última vez Precio de reemplazo Tipo de ítem Koha
        Biblioteca del Ateneo de Madrid Biblioteca del Ateneo de Madrid Depósito 2 17/01/2008     P-316 1012301 23/02/2023 23/02/2023 Libro impreso